00340nam a2200133Ia 4500008004100000020001500041041001200056082002200068100001800090245004600108260002700154300001100181650001400192231217s9999 xx 000 0 und d a817366076X aEnglish a001.6424C BAR;11 aBarr, Michael 0aProgramming embedded systems in C and C++ c1999bOreillyaBeijing aix+174 aC and C++